The well-being of farm animals : Challenges and solutions

The Well-Being of Farm Animals: Challenges and Solutions offers veterinarians, veterinary and agriculture students, animal scientists, and food animal producers both practical methods to enhance farm animal well-being, and greater understanding of the theoretical underpinnings of those methods. With...

全面介紹

Đã lưu trong:
書目詳細資料
格式: 圖書
語言:Undetermined
出版: Ames, Iowa Blackwell 2004
主題:
標簽: 添加標簽
沒有標簽, 成為第一個標記此記錄!
Thư viện lưu trữ: Trung tâm Học liệu Trường Đại học Cần Thơ
LEADER 01185nam a2200205Ia 4500
001 CTU_164291
008 210402s9999 xx 000 0 und d
020 |c 89.99 
082 |a 636.0893 
082 |b W447 
245 4 |a The well-being of farm animals : 
245 0 |b Challenges and solutions 
245 0 |c Edited by G. John Benson, Bernard E. Rollin 
260 |a Ames, Iowa 
260 |b Blackwell 
260 |c 2004 
520 |a The Well-Being of Farm Animals: Challenges and Solutions offers veterinarians, veterinary and agriculture students, animal scientists, and food animal producers both practical methods to enhance farm animal well-being, and greater understanding of the theoretical underpinnings of those methods. With a variety of perspectives from respected experts and specialists, this book conveys new research findings and promotes valuable discourse on critical issues. Most importantly, editors Benson and Rollin provide feasible instruction to put theory into practice. 
650 |a Animal health,Veterinary medicine,Sức khỏe động vật,Thuốc thú y 
904 |i Trọng Hải 
980 |a Trung tâm Học liệu Trường Đại học Cần Thơ